quran Mazid / (Record no. 80946)
[ view plain ]
| 000 -LEADER | |
|---|---|
| fixed length control field | 00513nam a2200205 4500 |
| 001 - CONTROL NUMBER | |
| control field | 80946 |
| 003 - CONTROL NUMBER IDENTIFIER | |
| rucl marc code | BD-RjUL |
| 005 - DATE AND TIME OF LATEST TRANSACTION | |
| control field | 20221211112749.0 |
| 008 - FIXED-LENGTH DATA ELEMENTS--GENERAL INFORMATION | |
| fixed length control field | 221211s1350 pk ||||| |||| 00| 0 u d |
| 035 ## - SYSTEM CONTROL NUMBER | |
| System control number | (BD-RjUL) 80946 |
| 040 ## - CATALOGING SOURCE | |
| Original cataloging agency | BD-RjUL |
| Language of cataloging | eng |
| Transcribing agency | BD-RjUL |
| 041 ## - LANGUAGE CODE | |
| Language code of text/sound track or separate title | urd |
| 082 ## - DEWEY DECIMAL CLASSIFICATION NUMBER | |
| Edition number | 23 |
| Classification number | 297.1225 |
| Author mark and year | QUR 1350 |
| 100 ## - MAIN ENTRY--PERSONAL NAME | |
| Personal name | Hasan , Mahmud |
| 9 (RLIN) | 6259 |
| 245 ## - TITLE STATEMENT | |
| Title | quran Mazid / |
| Statement of responsibility, etc. | Mahmud hasan |
| 260 ## - PUBLICATION, DISTRIBUTION, ETC. (IMPRINT) | |
| Place of publication, distribution, etc. | Lahore : |
| Name of publisher, distributor, etc. | Taj company, |
| Date of publication, distribution, etc. | 1350 |
| 300 ## - PHYSICAL DESCRIPTION | |
| Pagination | 810 p. ; |
| Size | 34 cm |
| 650 ## - SUBJECT ADDED ENTRY--TOPICAL TERM | |
| Source of heading or term | Quran |
| 942 ## - ADDED ENTRY ELEMENTS (KOHA) | |
| Source of classification or shelving scheme | Dewey Decimal Classification |
| Koha item type | Books |
| Lost status | Source of classification or shelving scheme | Damaged status | Not for loan | Collection code | Permanent Location | Current Location | Shelving location | Date acquired | Cost, normal purchase price | Total Checkouts | Full call number | Date last seen | Copy number | Koha item type |
|---|---|---|---|---|---|---|---|---|---|---|---|---|---|---|
| Dewey Decimal Classification | Not For Loan | Non-fiction | Central Library, University of Rajshahi | Central Library, University of Rajshahi | Reading Room | 11/03/1964 | 30.00 | U 297.1225 QUR 1350 | 11/12/2022 | C-1 | Books |